AP Poll CFB Week 5 Rankings 2025-2026 - Statistics

General Stats
  • This quiz has been taken 98 times
  • The average score is 18 of 25
Answer Stats
Rank Team Votes % Correct
1. Ohio State 1626
99%
12. Georgia 965
95%
9. Texas 1071
95%
10. Alabama 1057
90%
2. Oregon 1589
88%
7. Penn State 1179
88%
3. Miami 1529
86%
18. Florida State 535
84%
20. Michigan 422
80%
4. Ole Miss 1354
78%
13. LSU 838
76%
6. Texas A&M 1308
76%
8. Indiana 1156
74%
5. Oklahoma 1313
74%
21. Notre Dame 333
66%
15. Tennessee 697
66%
11. Texas Tech 967
66%
22. Illinois 271
64%
19. Missouri 528
58%
16. Vanderbilt 640
56%
17. Georgia Tech 549
55%
24. Virginia 125
51%
25. Arizona State 107
50%
23. BYU 191
49%
14. Iowa State 830
48%
No matching quizzes found
Score Distribution
Percent of People with Each Score
Percentile by Number Answered
Your Score History
You have not taken this quiz